00474nam a22001577a 450000500170000001000150001702000260003203500140005803700130007208200110008524500740009626000540017027000540022430000210027870000170029920150923124218.0 aENG-113729 a9789383945030c300.00 aEN- 97261 bDBAD/PUB a546.03 aDictionary of inorganic chemistry /cedited & compiled by Rashmi Suri aGreater NoidabNucleus Books & Encyclopediac2015 a2nd Floor, B-31, Pocket P3bGreater Noidae201308 a184p.c22cm(pbk) aSuri, Rashmi